000 01017nas a2200289 4500
001 BR8602590
003 BR-BrBNA
005 20231205090502.0
007 ta
008 230509b bl.|||p| |||| 00| 00por d
040 _aBR-BrBNA
_bpor
_cBiblioteca Nacional de Agricultura
041 _a(Pt)
072 _aP34
100 1 _aHungria, M.
100 1 _aNeves, M.C.P.
111 1 _a12. RELAR
_cCampinas, SP (Brazil)
_d21-26 Oct 1984
245 1 _aInteracao entre cultivares de Phaseolus vulgaris e estirpes de Rhizobium na fixacao e transporte do nitrogenio [feijao]
246 1 _aInteraction between Phaseolus vulgaris cultivars and Rhizobium strains in nitrogen fixation and transport
650 _aFEIJAO
650 _aRHIZOBIUM
650 _aNITROGENASE
650 _aFIXACAO DE NITROGENIO
650 _aNODULACAO
773 0 _tPesquisa Agropecuaria Brasileira (Brazil)
_xISSN 0100-204X
_g(Feb 1986), v. 21(2) p. 127-140
_wBR8602590
909 _a202311
_bLúcia
_c55
_dLúcia Elande
942 _2AGRIS
_n0
_cANA
999 _c118778
_d118778